00524nam a22001457a 4500003000400000020001800004082001400022100004500036245009100081260005200172300000800224942001200232952011700244999001700361SGT a9789350488706 a954bK16P aपोखरियाल , रमेश  aकेदारनाथ आपदा की सच्ची कहानियाँ  bप्रभात प्रकाशन c2016 a144 2ddccBK 00102ddc4071aCLbCLcREFd2025-01-04g250.00iSGTUl0o954 K16PpCH1506r2025-01-04 00:00:00w2025-01-04yBK c28673d28673